Kníhtlačiarske privilégiá a cenzúra na Slovensku v II. pol. 18. st. diplomová práca

Bibliographic Details
Main Author: Kollárová, Ivona, 1971- (Author)
Format: Book
Language:Slovak
PhysicalDescription:78 s. ilustr. 30 cm
Published: V Bratislave Filozofická fakulta UK [1995]
Subjects:

MARC

LEADER 00000nam a2200000 a 4500
001 vtls001484266
003 SK-MaSNL
005 20260302003027.0
008 240313s1995 xo a frbm 00000 slo
035 |a SNK000439560 
040 |a SNK  |b slo  |c SNK  |e AACR2 
041 0 |a slo 
043 |a e-xo--- 
044 |a xo  |c sk 
072 7 |a 655  |x Polygrafia. Vydavateľstvá a knižný obchod  |2 konspekt 
080 |a 655.322  |2 MDT-MRF 
080 |a 341.82  |2 MDT-MRF 
080 |a 070.13  |2 MDT-MRF 
080 |a (437.6)  |2 MDT-MRF 
080 |a (043)378.2  |2 MDT-MRF 
100 1 |a Kollárová, Ivona,  |d 1971-  |4 aut  |9 126159 
245 1 0 |a Kníhtlačiarske privilégiá a cenzúra na Slovensku v II. pol. 18. st.  |b diplomová práca  |c Ivona Kollárová 
260 |a V Bratislave  |b Filozofická fakulta UK  |c [1995] 
300 |a 78 s.  |b ilustr.  |c 30 cm 
500 |a Obsahuje poznámky 
504 |a Bibliografia s. 77-[79] 
648 7 |a 18. stor., 2. polovica  |2 SNK  |9 641168 
650 0 7 |a cenzúra  |x dejiny  |2 SNKPH  |9 482129 
650 0 7 |a dejiny kníhtlače  |2 SNKPH  |9 25937 
651 7 |a Slovensko  |x dejiny  |2 SNKPHgeo  |9 13278 
655 7 |a diplomové práce  |2 SNK  |9 70156 
655 7 |a diplomové práce  |2 SNKPH  |9 70156 
752 |a Slovensko  |d Bratislava 
999 |c 990413  |d 992343 
952 |t P60, <03>, [BOOK], {603}, -K-  |a SNK  |b SNK  |y PREZ  |7 0  |p 17A0449299  |o snkDIP 579  |i snkF 1559/2004  |8 5  |0 0  |1 0  |4 0  |d 2004-10-27  |l 0  |r 2005-01-02 00:00:00  |w 2026-02-24